[Event "ECCC 2013"]
[Site "Rhodes"]
[Date "2013.10.21"]
[Round "2"]
[White "Riff, Vincent"]
[Black "Tregubov, Pavel V"]
[Result "0-1"]
[WhiteElo "2335"]
[BlackElo "2606"]
[PlyCount "92"]
[EventDate "2013.10.20"]
[EventType "team"]
[EventRounds "7"]
[EventCountry "GRE"]
[WhiteTeam "Reichenstein SSB"]
[BlackTeam "Clichy Echecs 92"]

1. e4 c5 2. Nf3 e6 3. Nc3 Nc6 4. Bb5 Nge7 5. O-O a6 6. Bxc6 Nxc6 7. d4 cxd4 8.
Nxd4 d6 9. Re1 Be7 10. Nxc6 bxc6 11. Qg4 g6 12. b3 O-O 13. Bb2 e5 14. Qe2 Be6
15. Rad1 Qc7 16. Na4 f5 17. c4 f4 18. f3 Rfd8 19. Qf2 c5 20. Rd3 g5 21. Nc3 Bf8
22. Nd5 Qf7 23. Red1 Rdb8 24. Nc3 Rb6 25. Nd5 Rb7 26. Nc3 Rd8 27. Na4 Rdd7 28.
Bc3 g4 29. Ba5 Qh5 30. fxg4 Bxg4 31. R1d2 Rg7 32. Nc3 Rg6 33. Nd5 Rf7 34. Bd8
Rh6 35. h3 Be6 36. Qf3 Qg6 37. Kf1 Qg7 38. Nc3 Rd7 39. Ba5 Rg6 40. Ne2 Rf7 41.
Bd8 Rg3 42. Qf2 Re3 43. Ng1 Qg6 44. Nf3 Rxd3 45. Rxd3 Qxe4 46. Rd1 h6 0-1

[Event "ECCC 2013"]
[Site "Rhodes"]
[Date "2013.10.21"]
[Round "2"]
[White "Lagarde, Maxime"]
[Black "Lutz, Bernhard"]
[Result "1/2-1/2"]
[WhiteElo "2523"]
[BlackElo "2339"]
[PlyCount "98"]
[EventDate "2013.10.20"]
[EventType "team"]
[EventRounds "7"]
[EventCountry "GRE"]
[WhiteTeam "Clichy Echecs 92"]
[BlackTeam "Reichenstein SSB"]

1. d4 Nf6 2. c4 g6 3. Nc3 d5 4. cxd5 Nxd5 5. Bd2 Bg7 6. e4 Nb6 7. Nf3 O-O 8.
Be3 Bg4 9. Be2 Bxf3 10. gxf3 e6 11. Qd2 Nc6 12. O-O-O Qe7 13. e5 Rad8 14. Qc2
Nb4 15. Qb3 N4d5 16. Ne4 Nxe3 17. fxe3 Nd5 18. Kb1 b6 19. f4 Qh4 20. Bf3 h6 21.
a3 a5 22. Rd3 Qh3 23. Ng3 Rd7 24. Qc2 Rfd8 25. Bxd5 exd5 26. Rc3 c5 27. f5 c4
28. fxg6 b5 29. gxf7+ Rxf7 30. Qg6 b4 31. Rc2 b3 32. Rcc1 Rdf8 33. Nh5 Qxe3 34.
Rhg1 Qd3+ 35. Qxd3 cxd3 36. Rcd1 a4 37. e6 Re7 38. Rxd3 Rf5 39. Nxg7 Rxg7 40.
Re1 Rf2 41. Rc3 Re7 42. Kc1 Kg7 43. Rc5 Kf6 44. Rxd5 Rxe6 45. Rxe6+ Kxe6 46.
Rh5 Rc2+ 47. Kb1 Rf2 48. Kc1 Rc2+ 49. Kb1 Rf2 1/2-1/2

[Event "ECCC 2013"]
[Site "Rhodes"]
[Date "2013.10.21"]
[Round "2"]
[White "Drabke, Lorenz Maximilian"]
[Black "Delorme, Axel"]
[Result "1-0"]
[WhiteElo "2434"]
[BlackElo "2482"]
[PlyCount "69"]
[EventDate "2013.10.20"]
[EventType "team"]
[EventRounds "7"]
[EventCountry "GRE"]
[WhiteTeam "Reichenstein SSB"]
[BlackTeam "Clichy Echecs 92"]

1. e4 e5 2. Nf3 Nc6 3. Nc3 g6 4. d4 exd4 5. Nxd4 Bg7 6. Be3 Nf6 7. Nxc6 bxc6 8.
e5 Ng8 9. Bd4 Qe7 10. Qe2 f6 11. f4 fxe5 12. fxe5 Nh6 13. Ne4 Nf5 14. Bc3 d5
15. Nf6+ Bxf6 16. exf6 Qxe2+ 17. Bxe2 Kf7 18. O-O Ne3 19. Rf3 Re8 20. Bd3 Bf5
21. Re1 Nxc2 22. Rxe8 Rxe8 23. Rxf5 gxf5 24. Bxc2 c5 25. Kf1 d4 26. Ba5 Kxf6
27. Bxc7 c4 28. Bf4 a5 29. Bc7 d3 30. Bd1 d2 31. Be2 a4 32. Ba5 Rb8 33. Bxd2
Ke5 34. Bc3+ Kd5 35. a3 1-0

[Event "ECCC 2013"]
[Site "Rhodes"]
[Date "2013.10.21"]
[Round "2"]
[White "Zhigalko, Andrey"]
[Black "Papaioannou, Ioannis"]
[Result "0-1"]
[WhiteElo "2615"]
[BlackElo "2633"]
[PlyCount "66"]
[EventDate "2013.10.20"]
[EventType "team"]
[EventRounds "7"]
[EventCountry "GRE"]
[WhiteTeam "Minsk"]
[BlackTeam "Peristeri"]

1. e4 c5 2. Nf3 d6 3. d4 cxd4 4. Nxd4 Nf6 5. Nc3 a6 6. Be3 e5 7. Nb3 Be7 8. h3
O-O 9. g4 a5 10. a3 a4 11. Nc1 Be6 12. g5 Nfd7 13. h4 Nb6 14. N1a2 Nc6 15. Nd5
Bxd5 16. exd5 Na5 17. b3 axb3 18. cxb3 f5 19. Rc1 f4 20. Bxb6 Qxb6 21. b4 f3
22. Rh3 e4 23. Rg3 Rac8 24. Rg4 Rce8 25. Rc3 h5 26. gxh6 Bf6 27. Re3 Bd4 28.
hxg7 Rf5 29. Qa4 Rfe5 30. Bb5 Nc6 31. dxc6 Bxe3 32. Qb3+ d5 33. fxe3 Qxb5 0-1

[Event "ECCC 2013"]
[Site "Rhodes"]
[Date "2013.10.21"]
[Round "2"]
[White "Stupak, Kirill"]
[Black "Halkias, Stelios"]
[Result "1/2-1/2"]
[WhiteElo "2487"]
[BlackElo "2568"]
[PlyCount "50"]
[EventDate "2013.10.20"]
[EventType "team"]
[EventRounds "7"]
[EventCountry "GRE"]
[WhiteTeam "Minsk"]
[BlackTeam "Peristeri"]

1. d4 d5 2. Nf3 Nf6 3. c4 e6 4. g3 Bb4+ 5. Bd2 Be7 6. Bg2 O-O 7. O-O c6 8. Qc2
Nbd7 9. Rd1 b6 10. Bf4 Bb7 11. Nc3 dxc4 12. Nd2 Nd5 13. Nxc4 Nxf4 14. gxf4 Qc7
15. e3 Rad8 16. Rac1 c5 17. d5 exd5 18. Nxd5 Bxd5 19. Rxd5 b5 20. Ne5 Nxe5 21.
Rxe5 Bd6 22. Rd5 Be7 23. Re5 Bd6 24. Rd5 Be7 25. Re5 Bd6 1/2-1/2

[Event "ECCC 2013"]
[Site "Rhodes"]
[Date "2013.10.21"]
[Round "2"]
[White "Meribanov, Vitaly"]
[Black "Sandalakis, Angelos"]
[Result "1/2-1/2"]
[WhiteElo "2404"]
[BlackElo "2394"]
[PlyCount "106"]
[EventDate "2013.10.20"]
[EventType "team"]
[EventRounds "7"]
[EventCountry "GRE"]
[WhiteTeam "Minsk"]
[BlackTeam "Peristeri"]

1. e4 d5 2. exd5 Qxd5 3. Nc3 Qa5 4. d4 Nf6 5. Nf3 Bf5 6. Bc4 e6 7. Bd2 Bb4 8.
O-O Nc6 9. a3 Bxc3 10. Bxc3 Qb6 11. b4 Bg4 12. b5 Bxf3 13. Qxf3 Nxd4 14. Bxd4
Qxd4 15. Qxb7 O-O 16. Bb3 Qb6 17. Qxb6 axb6 18. f4 g6 19. a4 Rfd8 20. Rfd1 Rd6
21. g3 Kf8 22. Kf2 Ne4+ 23. Ke3 Nc3 24. Rf1 Ra7 25. g4 Rd8 26. f5 exf5 27. gxf5
g5 28. h4 gxh4 29. Rh1 Nd5+ 30. Kf3 Ne7 31. Ke4 c5 32. Ke5 Rd4 33. Rad1 Rad7
34. Rxd4 Rxd4 35. c3 Rd3 36. Rxh4 Rxc3 37. Ba2 Re3+ 38. Kf6 Ng8+ 39. Kg5 h6+
40. Kh5 Rg3 41. Rf4 Rh3+ 42. Kg4 Ra3 43. Bb1 Nf6+ 44. Kh4 Ra1 45. Bc2 Ra2 46.
Bb3 Rh2+ 47. Kg3 Rb2 48. Rf3 Ne4+ 49. Kh4 Nd2 50. Rf2 c4 51. Bxc4 Rb4 52. Rxd2
Rxc4+ 53. Kh5 Ke7 1/2-1/2

[Event "ECCC 2013"]
[Site "Rhodes"]
[Date "2013.10.21"]
[Round "2"]
[White "Stathopoulos, Ioannis"]
[Black "Kocheev, Aleksandr"]
[Result "1-0"]
[WhiteElo "2286"]
[BlackElo "2388"]
[PlyCount "65"]
[EventDate "2013.10.20"]
[EventType "team"]
[EventRounds "7"]
[EventCountry "GRE"]
[WhiteTeam "Peristeri"]
[BlackTeam "Minsk"]

1. Nf3 Nf6 2. c4 g6 3. Nc3 d5 4. cxd5 Nxd5 5. Qb3 Nb6 6. d4 Bg7 7. e4 O-O 8.
Be3 Bg4 9. Rd1 Nc6 10. d5 Ne5 11. Be2 Nxf3+ 12. gxf3 Bh3 13. Rg1 Qc8 14. a4 c6
15. Rg3 cxd5 16. a5 d4 17. Bxd4 Be6 18. Qb4 Nc4 19. Bxg7 Kxg7 20. f4 f6 21.
Qxe7+ Rf7 22. Qb4 b6 23. a6 Rc7 24. f5 Bf7 25. fxg6 hxg6 26. b3 Ne5 27. f4 Nc6
28. Qd6 Na5 29. e5 Rc6 30. exf6+ Kg8 31. Qe7 Rc7 32. Nd5 Rd7 33. Qxd7 1-0

[Event "ECCC 2013"]
[Site "Rhodes"]
[Date "2013.10.21"]
[Round "2"]
[White "Kovacs, Gabor"]
[Black "Karttunen, Mika"]
[Result "0-1"]
[WhiteElo "2459"]
[BlackElo "2445"]
[PlyCount "56"]
[EventDate "2013.10.20"]
[EventType "team"]
[EventRounds "7"]
[EventCountry "GRE"]
[WhiteTeam "Haladas VSE, Szombathely"]
[BlackTeam "Tammer-Shakki"]

1. c4 Nf6 2. Nc3 e6 3. d4 Bb4 4. e3 c5 5. Bd3 Nc6 6. Nf3 Bxc3+ 7. bxc3 d6 8.
Nd2 e5 9. O-O O-O 10. Rb1 b6 11. Qc2 Ba6 12. f4 exd4 13. cxd4 Nb4 14. Rxb4 cxb4
15. e4 d5 16. cxd5 Rc8 17. Qb1 Bxd3 18. Qxd3 Rc3 19. Qb1 Qc7 20. Nf3 Nxe4 21.
Bb2 Re3 22. Ne5 f6 23. Bc1 Re2 24. Nc6 Re8 25. Qxb4 Qd7 26. f5 Qxd5 27. Qb3 Nc3
28. Qxd5+ Nxd5 0-1

[Event "ECCC 2013"]
[Site "Rhodes"]
[Date "2013.10.21"]
[Round "2"]
[White "Maki, Veijo"]
[Black "Nemeth, Miklos"]
[Result "1/2-1/2"]
[WhiteElo "2379"]
[BlackElo "2468"]
[PlyCount "89"]
[EventDate "2013.10.20"]
[EventType "team"]
[EventRounds "7"]
[EventCountry "GRE"]
[WhiteTeam "Tammer-Shakki"]
[BlackTeam "Haladas VSE, Szombathely"]

1. g3 e5 2. c4 Nf6 3. Bg2 d5 4. cxd5 Nxd5 5. Nf3 Nc6 6. O-O Be7 7. d4 exd4 8.
Nxd4 Nxd4 9. Qxd4 Nf6 10. Qa4+ Qd7 11. Qc2 c6 12. Rd1 Qe6 13. Nc3 O-O 14. e4
Qe5 15. Ne2 Re8 16. h3 h6 17. Be3 Qa5 18. a3 Bd7 19. Nf4 Rad8 20. b4 Qc7 21.
Nd5 Nxd5 22. exd5 Bf6 23. Bd4 Bxd4 24. Rxd4 Qb6 25. Rad1 cxd5 26. Rxd5 Be6 27.
Rxd8 Rxd8 28. Rxd8+ Qxd8 29. Bxb7 Bxh3 30. Be4 Be6 31. Qc5 Qd1+ 32. Kg2 Qa4 33.
Qe5 g6 34. Bxg6 Qxa3 35. Qb8+ Kg7 36. Be4 Qc3 37. Qd6 Qc4 38. Bf3 Qc3 39. Bc6
h5 40. Bd7 Bxd7 41. Qxd7 Qxb4 42. Qxa7 h4 43. Qa1+ Kg8 44. Qa8+ Kg7 45. Qf3
1/2-1/2

[Event "ECCC 2013"]
[Site "Rhodes"]
[Date "2013.10.21"]
[Round "2"]
[White "Koykka, Pekka"]
[Black "Nagy, Gabor"]
[Result "1-0"]
[WhiteElo "2302"]
[BlackElo "2414"]
[PlyCount "101"]
[EventDate "2013.10.20"]
[EventType "team"]
[EventRounds "7"]
[EventCountry "GRE"]
[WhiteTeam "Tammer-Shakki"]
[BlackTeam "Haladas VSE, Szombathely"]

1. d4 Nf6 2. c4 e6 3. g3 Bb4+ 4. Bd2 Be7 5. Bg2 d5 6. Nf3 O-O 7. O-O c6 8. Qc2
Nbd7 9. Bf4 b6 10. cxd5 cxd5 11. Rc1 Ba6 12. Nc3 b5 13. a4 b4 14. Nb5 Ne4 15.
Bc7 Qc8 16. Nd2 Bxb5 17. Nxe4 Bc4 18. Bf4 Qa6 19. Ng5 g6 20. Bf1 b3 21. Qd2 f6
22. Nf3 Qb6 23. Bh6 Rfc8 24. Qe3 e5 25. Bh3 f5 26. a5 Qe6 27. Nd2 e4 28. Nxc4
dxc4 29. Bf4 Nf6 30. f3 Bd6 31. Bg5 Be7 32. Bxf6 Bxf6 33. fxe4 Qe7 34. Qd2 Qxe4
35. e3 Rab8 36. Bg2 Qe6 37. Ra4 Bg5 38. Kf2 Kg7 39. d5 Qa6 40. Bf1 Re8 41.
Raxc4 Qf6 42. R1c3 Re4 43. Rc7+ Kh6 44. h4 Bxh4 45. gxh4 Qxh4+ 46. Kg1 Rg4+ 47.
Bg2 Rbb4 48. e4+ Rg5 49. Kf1 Rxe4 50. Rh3 Rf4+ 51. Qxf4 1-0

[Event "ECCC 2013"]
[Site "Rhodes"]
[Date "2013.10.21"]
[Round "2"]
[White "Kytoniemi, Jyrki"]
[Black "Pergel, Laszlo"]
[Result "1-0"]
[WhiteElo "2263"]
[BlackElo "2249"]
[PlyCount "161"]
[EventDate "2013.10.20"]
[EventType "team"]
[EventRounds "7"]
[EventCountry "GRE"]
[WhiteTeam "Tammer-Shakki"]
[BlackTeam "Haladas VSE, Szombathely"]

1. d4 Nf6 2. Nc3 d5 3. Bg5 Ne4 4. Nxe4 dxe4 5. c3 Qd5 6. Bf4 c6 7. Qb3 Qxb3 8.
axb3 Nd7 9. e3 g6 10. Ne2 Bg7 11. Ng3 f5 12. Bc7 Kf7 13. Bc4+ e6 14. b4 Nf6 15.
Be5 Nd5 16. Bxg7 Kxg7 17. Ne2 Bd7 18. Kd2 a6 19. f3 Nf6 20. Ng3 exf3 21. gxf3
Rhe8 22. f4 Rad8 23. Ke2 Re7 24. Rhg1 Be8 25. Ra5 Bf7 26. Kf3 Kf8 27. Ba2 Ra8
28. Ra1 Rc7 29. Bb1 Re8 30. Bd3 Rd7 31. e4 Kg7 32. e5 Nd5 33. Rg1 Kf8 34. Bc4
Ke7 35. Bxd5 Rxd5 36. Nf1 Rc8 37. Ra1 Be8 38. Ne3 Rb5 39. Nc4 Ra8 40. Nd6 Rb6
41. Ra5 Rd8 42. Rg3 Kf8 43. Ke3 Rb8 44. Kd3 c5 45. dxc5 Rc6 46. Rg1 Rc7 47. Ke3
Bc6 48. Raa1 Rg7 49. b3 h6 50. h4 Ke7 51. c4 g5 52. b5 axb5 53. cxb5 Bd5 54.
Kd4 g4 55. Rg3 Rgg8 56. Ra7 Ra8 57. b6 Kd7 58. b4 Bf3 59. b5 Rab8 60. Kc4 Ra8
61. Kb4 Rgf8 62. Rg1 Rab8 63. Rc1 g3 64. c6+ Ke7 65. Nxb7 Kf7 66. Rg1 g2 67.
Nd8+ Kg6 68. Nxe6 Rfe8 69. Ng7 Rg8 70. h5+ Kh7 71. Nxf5+ Kh8 72. Nxh6 Rgf8 73.
Nf7+ Kg8 74. e6 Rxb6 75. Kc5 Rbb8 76. Ne5 Be4 77. h6 Rxf4 78. Rg7+ Kh8 79. Nf7+
Rxf7 80. exf7 Bxc6 81. Rg8+ 1-0

[Event "ECCC 2013"]
[Site "Rhodes"]
[Date "2013.10.21"]
[Round "2"]
[White "Raznikov, Danny"]
[Black "Ostenstad, Berge"]
[Result "0-1"]
[WhiteElo "2486"]
[BlackElo "2465"]
[PlyCount "142"]
[EventDate "2013.10.20"]
[EventType "team"]
[EventRounds "7"]
[EventCountry "GRE"]
[WhiteTeam "Kfar Saba Chess Club"]
[BlackTeam "Asker"]

1. d4 Nf6 2. c4 e6 3. Nc3 Bb4 4. e3 O-O 5. Bd3 d5 6. Nf3 c5 7. O-O dxc4 8. Bxc4
cxd4 9. exd4 b6 10. Qe2 Bb7 11. Rd1 Bxc3 12. bxc3 Nbd7 13. Bb3 Qc7 14. c4 Rfe8
15. Bb2 Bc6 16. Rac1 Qb7 17. Qe3 Rac8 18. Ne1 b5 19. c5 Bd5 20. f3 Nb8 21. Nd3
Bxb3 22. axb3 Nd5 23. Qe4 Nc6 24. Ra1 Rcd8 25. Ne5 Nxe5 26. Qxe5 Ra8 27. Ra5
Red8 28. Rda1 a6 29. Qe4 Qc6 30. h3 Qb7 31. Bc1 Qc6 32. Be3 Rd7 33. Bf2 Qc8 34.
Bg3 Rd8 35. Be5 Re8 36. Qg4 f6 37. Bd6 Qc6 38. Qe4 h6 39. f4 Qb7 40. f5 exf5
41. Qxf5 Kh8 42. R5a2 Re3 43. Kh2 Rxb3 44. Re1 Re3 45. Rxe3 Nxe3 46. Qe6 Nd5
47. Bg3 Nb4 48. Rf2 Qd5 49. Qxd5 Nxd5 50. c6 Rc8 51. c7 b4 52. Ra2 Nxc7 53. Rc2
b3 54. Rb2 Nb5 55. Rxb3 Nxd4 56. Ra3 Rc6 57. Bf2 Nb5 58. Re3 Kg8 59. Re7 Nc7
60. g4 Nd5 61. Ra7 Rc2 62. Kg3 Rc3+ 63. Kh2 Nf4 64. h4 Rh3+ 65. Kg1 Ra3 66. Bc5
Ra2 67. Kh1 Nd3 68. Bd4 Ne1 69. Ra8+ Kh7 70. Bc5 Nf3 71. Bd6 Nxh4 0-1

[Event "ECCC 2013"]
[Site "Rhodes"]
[Date "2013.10.21"]
[Round "2"]
[White "Tisdall, Jonathan D"]
[Black "Boruchovsky, Avital"]
[Result "0-1"]
[WhiteElo "2437"]
[BlackElo "2453"]
[PlyCount "92"]
[EventDate "2013.10.20"]
[EventType "team"]
[EventRounds "7"]
[EventCountry "GRE"]
[WhiteTeam "Asker"]
[BlackTeam "Kfar Saba Chess Club"]

1. Nf3 Nf6 2. c4 e6 3. g3 d5 4. b3 Be7 5. Bg2 O-O 6. O-O b6 7. d4 Bb7 8. Bb2
dxc4 9. bxc4 c5 10. e3 Nbd7 11. Nbd2 Rc8 12. Rc1 Rc7 13. a3 Qa8 14. Nh4 Rd8 15.
Qe2 Bxg2 16. Nxg2 Ne4 17. Nxe4 Qxe4 18. f3 Qb7 19. f4 Qe4 20. f5 cxd4 21. Rf4
Qc6 22. exd4 Nf8 23. f6 Bxf6 24. Rxf6 gxf6 25. Nf4 Ng6 26. Nh5 e5 27. d5 Qc5+
28. Kg2 Rd6 29. Qf3 b5 30. Nxf6+ Rxf6 31. Qxf6 bxc4 32. Qd8+ Kg7 33. h4 Rb7 34.
Bc3 Qe3 35. Rf1 h5 36. Qf6+ Kh7 37. Qc6 Qe4+ 38. Kh3 Qg4+ 39. Kh2 Qe2+ 40. Kg1
Qe3+ 41. Kg2 Qe4+ 42. Kh2 Qc2+ 43. Kh3 Qe2 44. Qf6 Qd3 45. Bxe5 Nxe5 46. Rf5
Qd1 0-1

[Event "ECCC 2013"]
[Site "Rhodes"]
[Date "2013.10.21"]
[Round "2"]
[White "Givon, Asaf"]
[Black "Sahl, Bjarke"]
[Result "1-0"]
[WhiteElo "2445"]
[BlackElo "2356"]
[PlyCount "97"]
[EventDate "2013.10.20"]
[EventType "team"]
[EventRounds "7"]
[EventCountry "GRE"]
[WhiteTeam "Kfar Saba Chess Club"]
[BlackTeam "Asker"]

1. e4 e6 2. d4 d5 3. Nd2 Nf6 4. Bd3 c5 5. c3 Nc6 6. Ngf3 cxd4 7. cxd4 dxe4 8.
Nxe4 Bb4+ 9. Nc3 O-O 10. O-O Be7 11. a3 Qd6 12. Be3 Rd8 13. Ne4 Nxe4 14. Bxe4
f5 15. Bc2 Bf6 16. Qe2 Bd7 17. Rad1 Ne7 18. Bg5 Bxg5 19. Nxg5 h6 20. Nf3 Bc6
21. Bb3 Bd5 22. Bxd5 Nxd5 23. Rfe1 Re8 24. Rc1 Rac8 25. g3 Rxc1 26. Rxc1 a6 27.
Rc5 Ne7 28. Qc4 Nc6 29. Rxf5 Rf8 30. Rxf8+ Kxf8 31. h4 Ke7 32. Qb3 b5 33. Qe3
Na5 34. Ne5 Nc6 35. Nf3 a5 36. Qe4 Qd5 37. Qxd5 exd5 38. Kf1 Kf6 39. Ke2 Kf5
40. Ke3 g5 41. hxg5 hxg5 42. Ne5 Nd8 43. g4+ Kf6 44. Nd7+ Ke7 45. Nc5 Nc6 46.
Nd3 Kf6 47. b3 a4 48. bxa4 bxa4 49. Nb2 1-0

[Event "ECCC 2013"]
[Site "Rhodes"]
[Date "2013.10.21"]
[Round "2"]
[White "Judkovsky, Yair"]
[Black "Ekeberg, Carl Fredrik"]
[Result "1/2-1/2"]
[WhiteElo "2348"]
[BlackElo "2288"]
[PlyCount "72"]
[EventDate "2013.10.20"]
[EventType "team"]
[EventRounds "7"]
[EventCountry "GRE"]
[WhiteTeam "Kfar Saba Chess Club"]
[BlackTeam "Asker"]

1. e4 e5 2. Nf3 Nc6 3. Bb5 g6 4. O-O Bg7 5. c3 a6 6. Ba4 Nge7 7. d4 exd4 8.
cxd4 O-O 9. d5 b5 10. Bc2 Na5 11. Nbd2 d6 12. Re1 c6 13. dxc6 Naxc6 14. Nb3 Bb7
15. Nbd4 Nxd4 16. Nxd4 Nc6 17. Be3 d5 18. exd5 Nxd4 19. Bxd4 Qxd5 20. Be4 Qxd4
21. Bxb7 Rab8 22. Qxd4 Bxd4 23. Re7 Bxb2 24. Rd1 Bf6 25. Red7 Rbd8 26. Bxa6
Rxd7 27. Rxd7 Ra8 28. Bxb5 Rxa2 29. g3 Ra1+ 30. Kg2 Re1 31. Bc4 Re7 32. Rxe7
Bxe7 33. Kf3 Kg7 34. Kg2 Kg8 35. Kf3 Kg7 36. Kg2 Kg8 1/2-1/2

[Event "ECCC 2013"]
[Site "Rhodes"]
[Date "2013.10.21"]
[Round "2"]
[White "Aulin-Jansson, Joran"]
[Black "Mindlin, Alon"]
[Result "1/2-1/2"]
[WhiteElo "2201"]
[BlackElo "2286"]
[PlyCount "102"]
[EventDate "2013.10.20"]
[EventType "team"]
[EventRounds "7"]
[EventCountry "GRE"]
[WhiteTeam "Asker"]
[BlackTeam "Kfar Saba Chess Club"]

1. e4 e5 2. Nf3 Nc6 3. Bb5 a6 4. Bxc6 dxc6 5. Nc3 f6 6. d4 exd4 7. Nxd4 c5 8.
Nde2 Qxd1+ 9. Nxd1 Bd7 10. Bf4 O-O-O 11. Ne3 Bc6 12. f3 Ne7 13. Kf2 g5 14. Bg3
Bg7 15. Rad1 Rhf8 16. h4 h6 17. c3 Rxd1 18. Rxd1 Rd8 19. hxg5 fxg5 20. Rxd8+
Kxd8 21. Nc1 Bb5 22. Nb3 b6 23. Nd2 Bd3 24. Nec4 Ng6 25. Ke3 Bxc4 26. Nxc4 b5
27. Na5 Kd7 28. Nb3 Kc6 29. Bh2 h5 30. Nc1 a5 31. Ne2 a4 32. b3 axb3 33. axb3
Kd7 34. c4 c6 35. f4 gxf4+ 36. Bxf4 Ke6 37. Bg5 Kf7 38. Bf4 Ke6 39. Bb8 bxc4
40. bxc4 Be5 41. Bxe5 Nxe5 42. Nf4+ Kf6 43. Nd3 Nxc4+ 44. Kf4 h4 45. Nxc5 Ne5
46. Nb3 Nd3+ 47. Ke3 Ne1 48. Kf2 Nd3+ 49. Ke2 Nf4+ 50. Kf3 h3 51. Ke3 Ke5
1/2-1/2

[Event "ECCC 2013"]
[Site "Rhodes"]
[Date "2013.10.21"]
[Round "2"]
[White "Ragger, Markus"]
[Black "Rasmussen, Allan Stig"]
[Result "1-0"]
[WhiteElo "2668"]
[BlackElo "2499"]
[PlyCount "67"]
[EventDate "2013.10.20"]
[EventType "team"]
[EventRounds "7"]
[EventCountry "GRE"]
[WhiteTeam "Schachclub MPO Maria Saal"]
[BlackTeam "Jetsmark"]

1. Nf3 d5 2. d4 Nf6 3. c4 dxc4 4. e3 e6 5. Bxc4 c5 6. O-O a6 7. Bb3 cxd4 8.
exd4 Nc6 9. Nc3 Be7 10. Bg5 O-O 11. Qd2 Na5 12. Bc2 b5 13. Rad1 Bb7 14. d5 exd5
15. Rfe1 Rc8 16. Bf5 Rc7 17. Qf4 Nh5 18. Qh4 Bxg5 19. Qxh5 h6 20. h4 Bf4 21.
Be4 g6 22. Qg4 Qf6 23. Nxd5 Bxd5 24. Rxd5 Bd6 25. h5 g5 26. Rxd6 Qxd6 27. Qf5
f6 28. Qg6+ Rg7 29. Qxh6 Nc4 30. Bf5 Re7 31. Re6 Qd1+ 32. Kh2 Rff7 33. Nxg5 Qd4
34. Nxf7 1-0

[Event "ECCC 2013"]
[Site "Rhodes"]
[Date "2013.10.21"]
[Round "2"]
[White "Pedersen, Christian Kyndel"]
[Black "Buhmann, Rainer"]
[Result "0-1"]
[WhiteElo "2427"]
[BlackElo "2582"]
[PlyCount "112"]
[EventDate "2013.10.20"]
[EventType "team"]
[EventRounds "7"]
[EventCountry "GRE"]
[WhiteTeam "Jetsmark"]
[BlackTeam "Schachclub MPO Maria Saal"]

1. e4 e5 2. Nf3 Nc6 3. Bb5 Nf6 4. d3 Bc5 5. c3 O-O 6. O-O d5 7. exd5 Qxd5 8.
Bc4 Qd6 9. Bg5 Bf5 10. b4 Bb6 11. a4 a5 12. b5 Ne7 13. Qe2 Ng6 14. Nbd2 Nd5 15.
Ne4 Qd7 16. Qc2 Be6 17. Rad1 Bg4 18. Ned2 h6 19. Bxd5 Qxd5 20. c4 Qd7 21. Be3
Bxe3 22. fxe3 Rad8 23. Ne4 Qe7 24. h3 Bf5 25. Ng3 Be6 26. Qc3 Qc5 27. Rfe1 f5
28. Kh2 c6 29. Rc1 Qb4 30. Red1 Qxc3 31. Rxc3 c5 32. e4 f4 33. Ne2 Rd6 34. Rc2
Re8 35. Nc3 Bf7 36. Re2 Nf8 37. Nd5 Bh5 38. Rf2 Ne6 39. Rb1 Bxf3 40. gxf3 Nd4
41. Rbf1 Kf7 42. Rg1 Ree6 43. Nc3 Rg6 44. Rg4 h5 45. Rxg6 Rxg6 46. Nb1 Rg3 47.
Nd2 h4 48. Rf1 Ne6 49. Rg1 b6 50. Rg2 Ng5 51. Rxg3 fxg3+ 52. Kg2 Ne6 53. Nb1
Nf4+ 54. Kf1 Nxh3 55. Nc3 Nf4 56. Nd5 h3 0-1

[Event "ECCC 2013"]
[Site "Rhodes"]
[Date "2013.10.21"]
[Round "2"]
[White "Kreisl, Robert"]
[Black "Ochsner, Bjorn Moller"]
[Result "1-0"]
[WhiteElo "2408"]
[BlackElo "2296"]
[PlyCount "101"]
[EventDate "2013.10.20"]
[EventType "team"]
[EventRounds "7"]
[EventCountry "GRE"]
[WhiteTeam "Schachclub MPO Maria Saal"]
[BlackTeam "Jetsmark"]

1. Nf3 c5 2. c4 Nc6 3. Nc3 g6 4. e3 Nf6 5. d4 cxd4 6. exd4 d5 7. cxd5 Nxd5 8.
Qb3 e6 9. Bb5 Bg7 10. O-O O-O 11. Bxc6 bxc6 12. Na4 Qd6 13. Re1 Rb8 14. Qd1 Re8
15. b3 Ne7 16. Bb2 Nf5 17. Rc1 Rd8 18. Ne5 Bd7 19. Rc4 Be8 20. Qe2 h5 21. Nc5
Qd5 22. Ra4 a5 23. Bc3 Rb5 24. h3 Nh4 25. Qe4 Qxe4 26. Rxe4 Nf5 27. g4 hxg4 28.
hxg4 Nd6 29. Re1 Ra8 30. f4 Bf6 31. Kg2 Nc8 32. Ne4 Bd8 33. Nc4 c5 34. dxc5 Bc6
35. Ne5 Bxe4+ 36. Raxe4 Rxc5 37. Nc4 Nd6 38. Rh1 Kf8 39. Rh8+ Ke7 40. Re5 Rxe5
41. Nxe5 Rc8 42. Be1 g5 43. fxg5 Bc7 44. Rh7 Kf8 45. g6 fxg6 46. Nxg6+ Ke8 47.
Re7+ Kd8 48. Bh4 Rb8 49. Nf8 Kc8 50. Nxe6 Bb6 51. Bg3 1-0

[Event "ECCC 2013"]
[Site "Rhodes"]
[Date "2013.10.21"]
[Round "2"]
[White "Jensen, Bjarke"]
[Black "Schachinger, Mario"]
[Result "1/2-1/2"]
[WhiteElo "2321"]
[BlackElo "2402"]
[PlyCount "42"]
[EventDate "2013.10.20"]
[EventType "team"]
[EventRounds "7"]
[EventCountry "GRE"]
[WhiteTeam "Jetsmark"]
[BlackTeam "Schachclub MPO Maria Saal"]

1. e4 c6 2. d4 d5 3. exd5 cxd5 4. c4 Nf6 5. Nc3 Nc6 6. Nf3 Bg4 7. cxd5 Nxd5 8.
Qb3 Bxf3 9. gxf3 e6 10. Qxb7 Nxd4 11. Bb5+ Nxb5 12. Qc6+ Ke7 13. Qxb5 Rc8 14.
O-O Nxc3 15. bxc3 Qd5 16. Qxd5 exd5 17. Rb1 Ke6 18. Re1+ Kf6 19. Rd1 Ke6 20.
Re1+ Kf6 21. Rd1 Ke5 1/2-1/2

[Event "ECCC 2013"]
[Site "Rhodes"]
[Date "2013.10.21"]
[Round "2"]
[White "Hartl, Daniel"]
[Black "Christensen, Stefan"]
[Result "0-1"]
[WhiteElo "2289"]
[BlackElo "2278"]
[PlyCount "94"]
[EventDate "2013.10.20"]
[EventType "team"]
[EventRounds "7"]
[EventCountry "GRE"]
[WhiteTeam "Schachclub MPO Maria Saal"]
[BlackTeam "Jetsmark"]

1. d4 d5 2. c4 c6 3. Nf3 Nf6 4. e3 a6 5. b3 Bg4 6. h3 Bxf3 7. Qxf3 Nbd7 8. Bb2
Qa5+ 9. Bc3 Qc7 10. Be2 Ne4 11. O-O e6 12. Bb2 Bd6 13. Bd3 f5 14. cxd5 cxd5 15.
Rc1 Qd8 16. Qh5+ g6 17. Qe2 O-O 18. Ba3 Bxa3 19. Nxa3 Qa5 20. Qb2 Rac8 21. b4
Qb6 22. Bxe4 fxe4 23. Rc3 Nb8 24. Rac1 Nc6 25. Rc5 Rf7 26. b5 Rcf8 27. R1c2
axb5 28. Nxb5 Qa5 29. Nc3 Qa6 30. Qb5 Qa3 31. Rb2 Na7 32. Qb3 Qa6 33. Qa4 Qxa4
34. Nxa4 Nc8 35. Rcc2 Nd6 36. Rb6 Rd8 37. Nc5 Re7 38. Rc1 Kf7 39. Rcb1 Nc4 40.
Rxb7 Ra8 41. Rxe7+ Kxe7 42. Rb7+ Kf6 43. a4 h6 44. Kh2 e5 45. Rd7 exd4 46. exd4
e3 47. Rd6+ Nxd6 0-1

[Event "ECCC 2013"]
[Site "Rhodes"]
[Date "2013.10.21"]
[Round "2"]
[White "Rathlev, Jakob"]
[Black "Ertl, Johann"]
[Result "1-0"]
[WhiteElo "2250"]
[BlackElo "2258"]
[PlyCount "80"]
[EventDate "2013.10.20"]
[EventType "team"]
[EventRounds "7"]
[EventCountry "GRE"]
[WhiteTeam "Jetsmark"]
[BlackTeam "Schachclub MPO Maria Saal"]

1. c4 g6 2. Nc3 Bg7 3. g3 d6 4. Bg2 Nc6 5. e4 Nd4 6. d3 Be6 7. Nf3 Nxf3+ 8.
Qxf3 Qd7 9. h3 Rb8 10. g4 a6 11. a4 Nf6 12. Qe2 O-O 13. d4 Qc8 14. O-O c5 15.
e5 Ne8 16. d5 Bd7 17. f4 b5 18. axb5 axb5 19. Ra7 Rb7 20. Rxb7 Qxb7 21. e6 fxe6
22. dxe6 Bc6 23. Nxb5 Nf6 24. Bxc6 Qxc6 25. Qf3 d5 26. Nc3 Qxe6 27. cxd5 Qd6
28. Re1 Rd8 29. Re6 Qd7 30. Re5 Ne8 31. Re3 Bd4 32. Kg2 Bxe3 33. Bxe3 Rb8 34.
Qf2 c4 35. Bd4 Qb7 36. Qe3 Qd7 37. Qe2 Nf6 38. Bxf6 exf6 39. Qxc4 Rxb2+ 40. Kg3
Qa7 1-0